Central Library OPAC University of Rajshahi

The compleat angler / (Record no. 65682)

MARC details
000 -LEADER
fixed length control field 00655cam a2200229ua 4500
001 - CONTROL NUMBER
control field 65682
003 - CONTROL NUMBER IDENTIFIER
rucl marc code BD-RjUL
005 - DATE AND TIME OF LATEST TRANSACTION
control field 20211209081443.0
008 - FIXED-LENGTH DATA ELEMENTS--GENERAL INFORMATION
fixed length control field 140215r19471906enk 000 0 eng d
035 ## - SYSTEM CONTROL NUMBER
System control number (BD-RjUL)65812
040 ## - CATALOGING SOURCE
Original cataloging agency DLC
Modifying agency DLC
-- BD-RjUL
Language of cataloging eng
041 ## - LANGUAGE CODE
Language code of text/sound track or separate title eng
082 ## - DEWEY DECIMAL CLASSIFICATION NUMBER
Edition number 23
Classification number 799.1
Author mark and year WAC 1965
100 1# - MAIN ENTRY--PERSONAL NAME
Personal name Walton, Izaak,
Dates associated with a name 1593-1683.
9 (RLIN) 560
245 14 - TITLE STATEMENT
Title The compleat angler /
Statement of responsibility, etc. Izaak Walton.
260 ## - PUBLICATION, DISTRIBUTION, ETC. (IMPRINT)
Place of publication, distribution, etc. London :
Name of publisher, distributor, etc. Everyman's lib.,
Date of publication, distribution, etc. 1906 [reprinted 1947]
300 ## - PHYSICAL DESCRIPTION
Pagination xIiv, 214, p. ;
Size 18 cm.
490 ## - SERIES STATEMENT
Series statement Everyman's Library ;
Volume/sequential designation 70.
650 #0 - SUBJECT ADDED ENTRY--TOPICAL TERM
Topical term or geographic name as entry element Fishing.
9 (RLIN) 38700
830 ## - SERIES ADDED ENTRY--UNIFORM TITLE
Uniform title Everyman's Library,
Volume number/sequential designation 70.
942 ## - ADDED ENTRY ELEMENTS (KOHA)
Source of classification or shelving scheme Dewey Decimal Classification
Koha item type Books
Holdings
Lost status Source of classification or shelving scheme Damaged status Not for loan Collection code Permanent Location Current Location Shelving location Date acquired Source of acquisition Cost, normal purchase price Total Checkouts Full call number Date last seen Copy number Koha item type
  Dewey Decimal Classification   Not For Loan Non-fiction Central Library, University of Rajshahi Central Library, University of Rajshahi Reading Room 17/02/1956 O.B. and stationary 4.14   799.1 WAC 1947 09/03/2017 C-1 Books